[Event "Rated Blitz game"]
[Site "?"]
[Date "2021.03.09"]
[Round "?"]
[White "SoyNovato1998"]
[Black "KamranShirazi"]
[Result "0-1"]
[WhiteElo "2394"]
[BlackElo "2483"]
[PlyCount "88"]
[EventDate "2021.??.??"]
[EventType "blitz"]

1. e4 e5 2. Nf3 d5 3. Nxe5 Bd6 4. d4 dxe4 5. Nc3 Bxe5 6. dxe5 Qxd1+ 7. Nxd1 Nc6
8. Bb5 Bd7 9. Bxc6 Bxc6 10. Bf4 O-O-O 11. Ne3 Ne7 12. Bg3 Ng6 13. Nf5 Rhg8 14.
h4 h5 15. O-O Rde8 16. Nd4 Bd7 17. f4 exf3 18. Nxf3 Bg4 19. Ng5 Re7 20. Rxf7
Rxf7 21. Nxf7 Re8 22. Re1 Kd7 23. Ng5 Kc6 24. c4 Kc5 25. b3 a5 26. a3 a4 27.
Bf2+ Kc6 28. e6 axb3 29. Rb1 Bxe6 30. Rxb3 Bxc4 31. Rc3 b5 32. a4 Re2 33. axb5+
Kxb5 34. Nf3 c5 35. Rc1 Nf4 36. Rb1+ Kc6 37. Rc1 Rxf2 38. Rxc4 Rxg2+ 39. Kh1
Rg4 40. Ne5+ Kd5 41. Nxg4 Kxc4 42. Ne3+ Kd3 43. Nf5 g6 44. Nd6 c4 {Normal} 0-1

[Event "Rated Blitz game"]
[Site "?"]
[Date "2021.03.09"]
[Round "?"]
[White "ComplianceWithLaw"]
[Black "gmluke"]
[Result "1/2-1/2"]
[WhiteElo "2665"]
[BlackElo "2655"]
[PlyCount "155"]
[EventDate "2021.??.??"]
[EventType "blitz"]

1. e4 e5 2. Nf3 d5 3. Nxe5 Bd6 4. d4 dxe4 5. Bc4 Bxe5 6. Qh5 Qe7 7. Qxe5 Qxe5
8. dxe5 Nc6 9. Bf4 Nge7 10. Nc3 Ng6 11. Bg3 Ngxe5 12. Bd5 Bf5 13. Bxe5 Nxe5 14.
Bxb7 Rb8 15. Bd5 Ke7 16. O-O-O Ng4 17. Bxe4 Be6 18. Rd2 g6 19. h3 Ne5 20. b3
Rhd8 21. Rxd8 Rxd8 22. f4 Nd7 23. Re1 Nf6 24. Bf3 Rd4 25. Ne2 Rd6 26. Rd1 Ra6
27. Kb2 h5 28. Nd4 Bd7 29. c4 h4 30. a3 c5 31. Ne2 Re6 32. Nc3 Re3 33. Rd2 Be6
34. Re2 Rd3 35. Kc2 Rd4 36. Na4 Nd7 37. Re4 Rd6 38. Kc3 Kf6 39. Re3 Kf5 40. Re4
Kf6 41. b4 Ra6 42. Kb3 cxb4 43. axb4 Nb6 44. Nxb6 axb6 45. Rd4 b5 46. Bd5 bxc4+
47. Bxc4 Ra1 48. Bxe6 Kxe6 49. b5 Rg1 50. Rd2 Rb1+ 51. Kc4 Kf5 52. Kc5 Kxf4 53.
b6 f5 54. Rd4+ Kg3 55. Rb4 Rc1+ 56. Kd4 Rc8 57. Ke5 Kxg2 58. b7 Rb8 59. Kf4
Kxh3 60. Kg5 Kg3 61. Rb3+ Kf2 62. Kxh4 Ke2 63. Kg5 Kd2 64. Rb4 Ke3 65. Rb3+ Ke4
66. Rb4+ Ke3 67. Kxg6 f4 68. Kf5 f3 69. Rb3+ Ke2 70. Ke4 f2 71. Rb2+ Ke1 72.
Ke3 Re8+ 73. Kd4 f1=Q 74. Rb1+ Kf2 75. Rxf1+ Kxf1 76. Kd5 Rb8 77. Kc6 Rxb7 78.
Kxb7 {Normal} 1/2-1/2

[Event "Rated Blitz game"]
[Site "?"]
[Date "2021.03.09"]
[Round "?"]
[White "dynamite7"]
[Black "Blind2250"]
[Result "1-0"]
[WhiteElo "2541"]
[BlackElo "2439"]
[PlyCount "81"]
[EventDate "2021.??.??"]
[EventType "blitz"]

1. e4 e5 2. Nf3 d5 3. Nxe5 Bd6 4. d4 dxe4 5. Nc4 Nf6 6. Nc3 O-O 7. Bg5 Re8 8.
Be2 Bf5 9. Nxd6 Qxd6 10. Qd2 Nc6 11. O-O-O Rad8 12. g4 Bg6 13. h4 h6 14. Be3
Nd5 15. Nxd5 Qxd5 16. Kb1 a5 17. h5 Bh7 18. g5 hxg5 19. h6 g6 20. Bxg5 Rd6 21.
c4 Qxd4 22. Qf4 Qe5 23. Rxd6 cxd6 24. Qe3 Qe6 25. Rd1 Ne5 26. Rd5 f6 27. Bf4 g5
28. Bxe5 dxe5 29. Qa7 Qf7 30. Qxa5 Qg6 31. Ka1 Qxh6 32. a3 Qg7 33. Qb5 Qe7 34.
Rd7 Qe6 35. Qxb7 Bf5 36. Rg7+ Kh8 37. Bg4 Rg8 38. Bxf5 Qxf5 39. Rf7 e3 40. fxe3
g4 41. Qh1+ {Normal} 1-0

[Event "Rated Blitz game"]
[Site "?"]
[Date "2021.03.09"]
[Round "?"]
[White "JAK007"]
[Black "mountview64"]
[Result "1-0"]
[WhiteElo "2315"]
[BlackElo "2482"]
[PlyCount "31"]
[EventDate "2021.??.??"]
[EventType "blitz"]

1. e4 e5 2. Nf3 d5 3. d4 dxe4 4. Nxe5 Bd6 5. Nc3 Nf6 6. Bg5 Bf5 7. Bc4 O-O 8.
Nd5 c5 9. Bxf6 gxf6 10. Qh5 Bxe5 11. dxe5 Bg6 12. Qh6 fxe5 13. O-O-O Nd7 14. h4
Re8 15. Rh3 Qa5 16. h5 {Normal} 1-0

[Event "Rated Blitz game"]
[Site "?"]
[Date "2021.03.09"]
[Round "?"]
[White "cyrilortega62"]
[Black "Gifroy"]
[Result "0-1"]
[WhiteElo "2438"]
[BlackElo "2414"]
[PlyCount "102"]
[EventDate "2021.??.??"]
[EventType "blitz"]

1. e4 e5 2. Nf3 d5 3. Nxe5 Bd6 4. d4 dxe4 5. Bf4 Nf6 6. Nc3 Nc6 7. Bb5 Bd7 8.
Bxc6 bxc6 9. O-O Nd5 10. Bg3 Nxc3 11. bxc3 O-O 12. f4 exf3 13. Qxf3 c5 14. Rae1
Bb5 15. Rf2 cxd4 16. cxd4 c5 17. c3 cxd4 18. cxd4 Bb4 19. Rd1 Qe7 20. h4 Rad8
21. Qb3 a6 22. a4 Be8 23. Kh1 a5 24. Qa2 Qe6 25. d5 Qh6 26. Qc4 Bd6 27. Rd3 f6
28. Nc6 Bxc6 29. dxc6+ Kh8 30. Bxd6 Rfe8 31. Rf1 g5 32. c7 Rc8 33. Bg3 Qg6 34.
hxg5 fxg5 35. Qc3+ Qg7 36. Qxg7+ Kxg7 37. Rd7+ Kg6 38. Rc1 h5 39. Rc6+ Kf5 40.
Kh2 h4 41. Rdd6 hxg3+ 42. Kxg3 Re7 43. Rd5+ Ke4 44. Rxa5 Rcxc7 45. Rxc7 Rxc7
46. Rxg5 Ra7 47. Kh4 Kd4 48. Rg4+ Ke3 49. Kg3 Ke2 50. Kh4 Kf1 51. Kg5 Kg1 {
Time forfeit} 0-1

[Event "Rated Blitz game"]
[Site "?"]
[Date "2021.03.09"]
[Round "?"]
[White "AndreiMacovei"]
[Black "Erow"]
[Result "1-0"]
[WhiteElo "2538"]
[BlackElo "2675"]
[PlyCount "113"]
[EventDate "2021.??.??"]
[EventType "blitz"]

1. e4 e5 2. Nf3 d5 3. d3 dxe4 4. dxe4 Qxd1+ 5. Kxd1 Bg4 6. Nbd2 Nc6 7. c3 O-O-O
8. Bb5 Bc5 9. Ke1 Nge7 10. h3 Bh5 11. a4 a6 12. Bc4 Rhf8 13. g4 Bg6 14. Nh4 Kb8
15. Ke2 a5 16. f3 f6 17. Nf1 Bf7 18. Bxf7 Rxf7 19. Be3 Bd6 20. Nf5 Nxf5 21.
exf5 Rfd7 22. Ng3 Ne7 23. Ne4 Nd5 24. Rhd1 Nxe3 25. Kxe3 Bc5+ 26. Ke2 Rxd1 27.
Rxd1 Rxd1 28. Kxd1 Be3 29. Ke2 Bf4 30. Kd3 c6 31. Nc5 Bh6 32. Ne6 Kc8 33. h4 g6
34. g5 fxg5 35. hxg5 gxf5 36. gxh6 Kd7 37. Ng5 Ke7 38. Nxh7 Kf7 39. Ng5+ Kg6
40. h7 Kg7 41. Nf7 Kxh7 42. Nxe5 Kg7 43. f4 Kf6 44. Nc4 Ke6 45. Nxa5 b6 46.
Nxc6 Kd5 47. Nd4 Kc5 48. Nxf5 b5 49. b4+ Kb6 50. axb5 Ka7 51. Nd4 Kb8 52. f5
Ka7 53. f6 Kb7 54. f7 Ka7 55. f8=Q Kb7 56. Qe7+ Kc8 57. b6 {Normal} 1-0

[Event "Rated Blitz tournament bAIuOpWO"]
[Site "?"]
[Date "2021.03.09"]
[Round "?"]
[White "amaidel"]
[Black "cuerosky"]
[Result "1/2-1/2"]
[WhiteElo "2527"]
[BlackElo "2292"]
[PlyCount "144"]
[EventDate "2021.??.??"]
[EventType "blitz"]

1. e4 e5 2. Nf3 d5 3. exd5 e4 4. Ne5 Qxd5 5. d4 exd3 6. Nxd3 Nf6 7. Nc3 Qd8 8.
Be2 Be7 9. O-O O-O 10. Bf3 Nc6 11. Be3 Nd4 12. Bxd4 Qxd4 13. Re1 Re8 14. Qe2
Bf5 15. Qe5 Qxe5 16. Rxe5 Bxd3 17. cxd3 Bd6 18. Rxe8+ Rxe8 19. Bxb7 Rb8 20. Bf3
Rxb2 21. Rb1 Rxb1+ 22. Nxb1 h6 23. Kf1 Nd7 24. Ke2 f5 25. Nc3 Kf7 26. g3 Ne5
27. Bd5+ Kf6 28. d4 Nd7 29. Bb3 Nb6 30. f4 g5 31. Kf3 Bb4 32. Nb5 c5 33. dxc5
Bxc5 34. Nxa7 g4+ 35. Kg2 h5 36. Nb5 Be3 37. a4 Bd2 38. Nd4 h4 39. gxh4 Bxf4
40. a5 Nc8 41. Be6 Na7 42. Bd7 Bd2 43. a6 Bc3 44. Nxf5 Kg6 45. Ng3 Be5 46. Bxg4
Kh6 47. Kf3 Bd4 48. Ke4 Bg1 49. Nf1 Bf2 50. h5 Kg5 51. h3 Kh6 52. Nd2 Bb6 53.
Kd5 Be3 54. Nc4 Bf2 55. Ne5 Nb5 56. Nc6 Bg1 57. Kc4 Nc7 58. a7 Kg5 59. Kd3 Bb6
60. Ke4 Bg1 61. Ke5 Bb6 62. Kd6 Nb5+ 63. Ke6 Nxa7 64. Kf7 Nxc6 65. Kg7 Bd4+ 66.
Kg8 Ne5 67. h6 Nxg4 68. hxg4 Kxg4 69. h7 Kg5 70. Kf7 Kh6 71. Kg8 Bg7 72. h8=N
Bxh8 {Normal} 1/2-1/2

[Event "Rated Blitz game"]
[Site "?"]
[Date "2021.03.09"]
[Round "?"]
[White "NormWeinstein"]
[Black "annaly1979"]
[Result "1-0"]
[WhiteElo "2432"]
[BlackElo "2371"]
[PlyCount "63"]
[EventDate "2021.??.??"]
[EventType "blitz"]

1. e4 e5 2. Nf3 d5 3. d4 dxe4 4. Nxe5 Bd6 5. Bf4 Nf6 6. Be2 O-O 7. O-O Nbd7 8.
Nc3 Re8 9. f3 Nxe5 10. Bxe5 Bxe5 11. dxe5 Qxd1 12. Raxd1 exf3 13. Bxf3 Ng4 14.
Nd5 Be6 15. Nxc7 Ne3 16. Nxa8 Nxd1 17. Rxd1 Rxa8 18. Bxb7 Rb8 19. Bf3 g6 20. b3
a5 21. Kf2 a4 22. Rd4 axb3 23. axb3 Rc8 24. c4 Rb8 25. Rd3 h5 26. Bd5 Bf5 27.
Rc3 Kf8 28. c5 Ke7 29. c6 Be6 30. c7 Rf8 31. Bf3 Bc8 32. b4 {Normal} 1-0

[Event "Rated Blitz game"]
[Site "?"]
[Date "2021.03.09"]
[Round "?"]
[White "SoyNovato1998"]
[Black "KamranShirazi"]
[Result "1/2-1/2"]
[WhiteElo "2386"]
[BlackElo "2491"]
[PlyCount "100"]
[EventDate "2021.??.??"]
[EventType "blitz"]

1. e4 e5 2. Nf3 d5 3. Nxe5 Bd6 4. d4 dxe4 5. Nc3 Bxe5 6. dxe5 Qxd1+ 7. Nxd1 Nc6
8. Bb5 Bd7 9. Bxc6 Bxc6 10. Bf4 O-O-O 11. Ne3 Ne7 12. Bg3 Rhe8 13. O-O Ng6 14.
Nf5 Rg8 15. h4 Rde8 16. Nd4 Nxe5 17. Bxe5 Rxe5 18. Nxc6 bxc6 19. Rfe1 g5 20.
hxg5 Rexg5 21. g3 f5 22. Kf1 h5 23. Ke2 h4 24. gxh4 Rh5 25. Rh1 Rg4 26. Rag1
Rxg1 27. Rxg1 Rxh4 28. Rg8+ Kb7 29. Rf8 Rf4 30. b4 c5 31. bxc5 Kc6 32. Ra8 Rf3
33. Rxa7 Rc3 34. Kd2 Rxc5 35. a4 Kb6 36. Ra8 Ra5 37. Rf8 Rd5+ 38. Ke3 Rc5 39.
Kd4 Ra5 40. c4 Kc6 41. Rf6+ Kd7 42. c5 Rxa4+ 43. Kd5 c6+ 44. Rxc6 Rd4+ 45. Kxd4
Kxc6 46. Ke5 Kxc5 47. Kxf5 Kd4 48. Kf4 Kd3 49. Ke5 Ke2 50. Kxe4 Kxf2 {Normal}
1/2-1/2

[Event "Rated Blitz game"]
[Site "?"]
[Date "2021.03.09"]
[Round "?"]
[White "dalmatinac101"]
[Black "Erow"]
[Result "1-0"]
[WhiteElo "2726"]
[BlackElo "2661"]
[PlyCount "145"]
[EventDate "2021.??.??"]
[EventType "blitz"]

1. e4 e5 2. Nf3 d5 3. exd5 e4 4. Qe2 Nf6 5. d3 Bb4+ 6. c3 O-O 7. dxe4 Bc5 8.
Bg5 Re8 9. Nbd2 c6 10. dxc6 Nxc6 11. O-O-O Qa5 12. Nb3 Qxa2 13. Nxc5 Nxe4 14.
Nxe4 Bf5 15. Nfd2 Nb4 16. f3 Rac8 17. Nb1 Qa4 18. Rd4 Na2+ 19. Kd2 Qb3 20. Ke1
Re6 21. Kf2 Rce8 22. Qc4 Qxb2+ 23. Rd2 Qxb1 24. Qxa2 Qb6+ 25. Be3 Qc7 26. Bc4
Rc6 27. Bxf7+ Qxf7 28. Qxf7+ Kxf7 29. Nd6+ Rxd6 30. Rxd6 Rc8 31. Bd4 a6 32. Re1
Rc7 33. Re5 Bg6 34. g4 b5 35. f4 Bc2 36. f5 Bb3 37. Rxa6 Bc4 38. Ra7 Rxa7 39.
Bxa7 Kf6 40. Bd4 Kf7 41. Kg3 g6 42. Kf4 gxf5 43. gxf5 Bd3 44. Rc5 Bc4 45. Rc7+
Ke8 46. Ke5 Kd8 47. Kd6 Bb3 48. Rxh7 Ke8 49. f6 Kf8 50. f7 Bxf7 51. Rh8+ Bg8
52. Kc5 Kf7 53. Rxg8 Kxg8 54. Kxb5 Kf7 55. c4 Ke6 56. c5 Kd7 57. c6+ Kc8 58.
Kb6 Kb8 59. c7+ Kc8 60. Kb5 Kb7 61. Be5 Kc8 62. Kb6 Kd7 63. Kb7 Ke6 64. c8=Q+
Kd5 65. Bb8 Ke4 66. Qe6+ Kd3 67. Qe5 Kc4 68. Kc6 Kb4 69. Qd4+ Ka3 70. Qb6 Ka2
71. Kc5 Ka3 72. Kc4 Ka4 73. Qa6# {Normal} 1-0

[Event "Rated Blitz game"]
[Site "?"]
[Date "2021.03.09"]
[Round "?"]
[White "Fairy_ChessPlayer"]
[Black "GrandeGila"]
[Result "0-1"]
[WhiteElo "2292"]
[BlackElo "2425"]
[PlyCount "170"]
[EventDate "2021.??.??"]
[EventType "blitz"]

1. e4 e5 2. Nf3 d5 3. exd5 e4 4. Qe2 Nf6 5. d3 Qxd5 6. Nbd2 Be7 7. dxe4 Qe6 8.
g3 O-O 9. Bg2 Re8 10. O-O Nc6 11. Re1 Qg4 12. c3 Qh5 13. Nd4 Bg4 14. f3 Bd7 15.
Nf1 Bc5 16. Be3 Rad8 17. Nxc6 Bxc6 18. Bxc5 Qxc5+ 19. Qf2 Qb5 20. Ne3 g6 21.
Rad1 h5 22. c4 Qa5 23. Nd5 Bxd5 24. cxd5 Qxa2 25. Ra1 Qb3 26. Rxa7 Qb4 27. Raa1
Re7 28. Rad1 c6 29. dxc6 Rxd1 30. Rxd1 bxc6 31. Qd4 Qxd4+ 32. Rxd4 Rb7 33. b4
Kg7 34. Kf2 Nd7 35. f4 c5 36. bxc5 Nxc5 37. Rd2 Rb3 38. e5 Ra3 39. h4 Kf8 40.
Bf3 Ke7 41. Rc2 Nd3+ 42. Ke2 f6 43. Be4 Nb4 44. Rb2 Ra4 45. Bxg6 fxe5 46. Bxh5
exf4 47. gxf4 Nd5 48. Bf3 Nxf4+ 49. Ke3 Ne6 50. Be4 Ra3+ 51. Kf2 Kf6 52. Rb5
Nd4 53. Rd5 Ne6 54. h5 Rh3 55. Bg6 Nf4 56. Rf5+ Kg7 57. Rxf4 Kh6 58. Rf3 Rh2+
59. Kg3 Ra2 60. Rf7 Kg5 61. Rh7 Ra3+ 62. Kf2 Ra2+ 63. Ke3 Ra3+ 64. Kd4 Ra4+ 65.
Kc5 Ra5+ 66. Kb6 Ra2 67. Kc7 Rd2 68. Kc6 Rd1 69. Bf7 Rc1+ 70. Kd6 Rd1+ 71. Ke7
Re1+ 72. Kf8 Kf6 73. Rh6+ Kg5 74. Rh8 Kf6 75. h6 Ra1 76. h7 Ra8+ 77. Be8 Ra7
78. Rg8 Rxh7 79. Rg6+ Kf5 80. Rg2 Rh8+ 81. Ke7 Ke5 82. Bf7 Rh4 83. Rg5+ Kf4 84.
Kf6 Rh6+ 85. Rg6 Rh1 {Time forfeit} 0-1

[Event "Rated Blitz game"]
[Site "?"]
[Date "2021.03.09"]
[Round "?"]
[White "yaguigor"]
[Black "Aliniyazzzz"]
[Result "1-0"]
[WhiteElo "2444"]
[BlackElo "2295"]
[PlyCount "29"]
[EventDate "2021.??.??"]
[EventType "blitz"]

1. e4 e5 2. Nf3 d5 3. exd5 e4 4. Qe2 Nf6 5. Nc3 Be7 6. Nxe4 Nxe4 7. Qxe4 O-O 8.
Bc4 Nd7 9. O-O Nf6 10. Qd4 b6 11. Bb3 Bc5 12. Qh4 Bg4 13. Ne5 Bf5 14. d4 Bxd4
15. Qxd4 {Normal} 1-0

[Event "Rated Blitz game"]
[Site "?"]
[Date "2021.03.09"]
[Round "?"]
[White "Klemos"]
[Black "Blind2250"]
[Result "1-0"]
[WhiteElo "2400"]
[BlackElo "2424"]
[PlyCount "105"]
[EventDate "2021.??.??"]
[EventType "blitz"]

1. e4 e5 2. Nf3 d5 3. exd5 e4 4. Qe2 Nf6 5. Nc3 Qe7 6. Ng5 Bf5 7. f3 exf3 8.
Nxf3 Nbd7 9. Nd4 Bg4 10. Qxe7+ Bxe7 11. h3 Bh5 12. Nf5 Bf8 13. Bc4 O-O-O 14. d3
Nb6 15. Bg5 Bg6 16. Ne3 Bc5 17. Kd2 Bxe3+ 18. Kxe3 Nfxd5+ 19. Nxd5 Nxd5+ 20.
Kd2 f6 21. Bh4 Rhe8 22. Rae1 c6 23. Bg3 Kd7 24. a3 Nb6 25. Bb3 Rxe1 26. Rxe1
Re8 27. Rxe8 Bxe8 28. c4 Nc8 29. d4 Bf7 30. Kc3 Nd6 31. Bxd6 Kxd6 32. c5+ Ke7
33. Bxf7 Kxf7 34. d5 cxd5 35. Kd4 Ke6 36. b4 f5 37. b5 g5 38. a4 f4 39. a5 a6
40. c6 Kd6 41. cxb7 Kc7 42. bxa6 h5 43. Kxd5 g4 44. hxg4 f3 45. gxf3 h4 46. g5
h3 47. g6 h2 48. g7 h1=Q 49. g8=Q Qxf3+ 50. Kc5 Qe3+ 51. Kb5 Qe2+ 52. Qc4+
Qxc4+ 53. Kxc4 {Normal} 1-0

[Event "Rated Blitz game"]
[Site "?"]
[Date "2021.03.09"]
[Round "?"]
[White "cyrilortega62"]
[Black "Gifroy"]
[Result "0-1"]
[WhiteElo "2439"]
[BlackElo "2412"]
[PlyCount "32"]
[EventDate "2021.??.??"]
[EventType "blitz"]

1. e4 e5 2. Nf3 d5 3. exd5 e4 4. Ne5 Qxd5 5. d4 exd3 6. Nxd3 Nc6 7. Nc3 Bb4 8.
Bd2 Bxc3 9. Bxc3 Nf6 10. Bxf6 gxf6 11. Qe2+ Be6 12. Nf4 Qf5 13. g3 O-O-O 14.
Nxe6 fxe6 15. h4 Nd4 16. Bh3 Qd5 {Normal} 0-1

[Event "Rated Blitz game"]
[Site "?"]
[Date "2021.03.09"]
[Round "?"]
[White "ragabove"]
[Black "Gifroy"]
[Result "1-0"]
[WhiteElo "2418"]
[BlackElo "2418"]
[PlyCount "49"]
[EventDate "2021.??.??"]
[EventType "blitz"]

1. e4 e5 2. Nf3 d5 3. d4 dxe4 4. Nxe5 Bd6 5. Qh5 g6 6. Qe2 Nf6 7. Nc3 O-O 8.
Bh6 Re8 9. O-O-O Qe7 10. Nxe4 Nxe4 11. Qxe4 Nc6 12. f4 Bf5 13. Qf3 Nb4 14. Bc4
Be6 15. Qb3 Bxc4 16. Qxc4 b5 17. Qb3 a5 18. a3 a4 19. Qf3 Na6 20. c3 c5 21.
dxc5 Bxc5 22. Rhe1 Bxa3 23. Nxg6 Qc5 24. Ne5 Kh8 25. Qg3 {Normal} 1-0

[Event "Rated Blitz game"]
[Site "?"]
[Date "2021.03.09"]
[Round "?"]
[White "Jogue_Xadrez"]
[Black "Blind2250"]
[Result "0-1"]
[WhiteElo "2336"]
[BlackElo "2417"]
[PlyCount "94"]
[EventDate "2021.??.??"]
[EventType "blitz"]

1. e4 e5 2. Nf3 d5 3. Nxe5 Bd6 4. d4 dxe4 5. Bc4 Bxe5 6. dxe5 Qxd1+ 7. Kxd1 Nc6
8. c3 Nxe5 9. Bb3 Nd3 10. Be3 Nxb2+ 11. Kc2 Nd3 12. Nd2 Bf5 13. h3 Nf6 14. g4
Bg6 15. Rab1 O-O-O 16. Rhg1 Nd5 17. Bd4 e3 18. fxe3 Nc5+ 19. Kb2 Nxb3 20. axb3
Bxb1 21. Rxb1 f6 22. Ra1 a6 23. c4 Nb4 24. Kc3 Nc6 25. Bc5 b6 26. Bd4 a5 27.
Nf3 Rhe8 28. Re1 Nxd4 29. Nxd4 Kb7 30. Nf5 Rd7 31. e4 Red8 32. Re3 g6 33. Ng3
Rd1 34. e5 fxe5 35. Ne4 Rf1 36. Ng5 Rd7 37. Rxe5 h6 38. Ne6 Rf3+ 39. Kc2 Rdd3
40. c5 Rc3+ 41. Kd2 Rxb3 42. cxb6 Rfd3+ 43. Ke2 Kxb6 44. Nf4 Rxh3 45. Nd5+ Kb7
46. Re7 Rh2+ 47. Kf1 Rb1+ {Time forfeit} 0-1

[Event "Rated Blitz game"]
[Site "?"]
[Date "2021.03.09"]
[Round "?"]
[White "cyrilortega62"]
[Black "Gifroy"]
[Result "1-0"]
[WhiteElo "2439"]
[BlackElo "2413"]
[PlyCount "91"]
[EventDate "2021.??.??"]
[EventType "blitz"]

1. e4 e5 2. Nf3 d5 3. Nxe5 Bd6 4. Nxf7 Kxf7 5. Qh5+ Kf8 6. Qxd5 Nf6 7. Qc4 Qe7
8. Nc3 Nc6 9. d3 Qe6 10. Qxe6 Bxe6 11. Be3 Be5 12. f4 Bd4 13. Bxd4 Nxd4 14.
O-O-O Ng4 15. Re1 Ke7 16. h3 Nh6 17. g4 c6 18. Bg2 Rhf8 19. f5 Bg8 20. g5 Nf7
21. h4 Ne5 22. Rhf1 Rae8 23. a3 Kd8 24. Ne2 c5 25. Kd2 Kc7 26. c3 Nxe2 27. Rxe2
Rd8 28. Re3 Nc4+ 29. Ke2 Nxe3 30. Kxe3 Rfe8 31. d4 Bc4 32. Rf2 Kb6 33. h5 a5
34. e5 Rd7 35. g6 hxg6 36. hxg6 cxd4+ 37. cxd4 Red8 38. Rf4 a4 39. f6 Be6 40.
Bf1 Re8 41. Bd3 gxf6 42. exf6 Bc4+ 43. Kd2 Bxd3 44. Kxd3 Rg8 45. f7 Rf8 46. g7
{Normal} 1-0

[Event "Rated Blitz game"]
[Site "?"]
[Date "2021.03.09"]
[Round "?"]
[White "josuevm"]
[Black "Gifroy"]
[Result "1-0"]
[WhiteElo "2390"]
[BlackElo "2412"]
[PlyCount "41"]
[EventDate "2021.??.??"]
[EventType "blitz"]

1. e4 e5 2. Nf3 d5 3. Nxe5 Bd6 4. d4 dxe4 5. Be2 Bxe5 6. dxe5 Qxd1+ 7. Bxd1 Nc6
8. Bf4 Bf5 9. Nc3 O-O-O 10. h4 Nge7 11. h5 h6 12. O-O Nd5 13. Bg3 Nxc3 14. bxc3
Rhe8 15. f4 exf3 16. Bxf3 Bxc2 17. Bxc6 bxc6 18. Rxf7 Rd7 19. Raf1 Bd3 20. Rxd7
Kxd7 21. Rd1 {Normal} 1-0

[Event "Rated Blitz tournament 1euxls5Y"]
[Site "?"]
[Date "2021.03.09"]
[Round "?"]
[White "MortisRIP"]
[Black "dr_xStranger"]
[Result "0-1"]
[WhiteElo "2247"]
[BlackElo "2523"]
[PlyCount "118"]
[EventDate "2021.??.??"]
[EventType "blitz"]

1. e4 e5 2. Nf3 d5 3. Nxe5 Bd6 4. d4 dxe4 5. Bc4 Bxe5 6. dxe5 Qxd1+ 7. Kxd1 Nc6
8. Bf4 Nge7 9. Nc3 Ng6 10. Bg3 Bg4+ 11. Be2 O-O-O+ 12. Ke1 Bxe2 13. Kxe2 Nd4+
14. Kf1 e3 15. Rc1 Nxc2 16. Rxc2 exf2 17. Rxf2 c6 18. Ke2 Rhe8 19. Rd1 Rxd1 20.
Kxd1 Re7 21. Ne4 Kd7 22. Nd6 Ke6 23. Nf5 Rd7+ 24. Kc2 f6 25. exf6 gxf6 26. Ne3
Ne5 27. Bxe5 fxe5 28. Re2 e4 29. Nc4 Kf5 30. Nd2 Rd4 31. Kc3 Rd3+ 32. Kc2 Rd4
33. Re3 Kf4 34. Re1 e3 35. g3+ Kg4 36. Rxe3 Rd7 37. Re4+ Kh3 38. Rh4+ Kg2 39.
Ne4 Kf3 40. Ng5+ Kg2 41. Nxh7 Rf7 42. Ng5 Rf2+ 43. Kc3 Rf1 44. Ne4 Rc1+ 45. Kb3
Ra1 46. Nd6 c5 47. Nxb7 c4+ 48. Kxc4 Kf3 49. Kc5 Ke3 50. Kc6 Kd3 51. Nc5+ Kc2
52. Rb4 Rc1 53. b3 Kb2 54. Rb7 Ka3 55. Kb5 Kb2 56. Ka6 Kc2 57. Kxa7 Kd2 58. Kb8
Rf1 59. Rc7 Rf8+ {Time forfeit} 0-1

[Event "Rated Blitz game"]
[Site "?"]
[Date "2021.03.09"]
[Round "?"]
[White "ArdianJashari"]
[Black "Roberto_Baggio1978"]
[Result "0-1"]
[WhiteElo "2459"]
[BlackElo "2493"]
[PlyCount "106"]
[EventDate "2021.??.??"]
[EventType "blitz"]

1. e4 e5 2. Nf3 d5 3. Nxe5 dxe4 4. d4 exd3 5. Bxd3 Nf6 6. O-O Bd6 7. Re1 O-O 8.
Bg5 Be6 9. Nc3 Nbd7 10. Nxd7 Bxd7 11. Qf3 h6 12. Bxf6 Qxf6 13. Qxf6 gxf6 14.
Ne4 Be7 15. Ng5 Bd8 16. Nf3 Re8 17. Rxe8+ Bxe8 18. Re1 Kf8 19. Nd4 Bd7 20. Bf5
Be8 21. Bh3 Be7 22. Nf5 Bc5 23. Nxh6 Rd8 24. Ng4 Rd2 25. b4 Bb6 26. c4 f5 27.
Ne3 Bxe3 28. fxe3 Bc6 29. Bxf5 Bxg2 30. a4 Ke7 31. Rc1 c5 32. b5 Kf6 33. Rc2
Rd1+ 34. Kxg2 Kxf5 35. Kf3 Rf1+ 36. Ke2 Ra1 37. Kd3 Rxa4 38. Rf2+ Ke6 39. Rg2
Ra3+ 40. Ke4 Rc3 41. Rg8 Rxc4+ 42. Kf3 Rb4 43. Ra8 Rxb5 44. Rxa7 c4 45. Ra3 Rb3
46. Ra4 b5 47. Ra6+ Kd5 48. h4 c3 49. Ra8 Rb4 50. Ra1 c2 51. h5 Rb1 52. Rxb1
cxb1=Q 53. h6 Qh7 {Time forfeit} 0-1

[Event "Rated Blitz game"]
[Site "?"]
[Date "2021.03.09"]
[Round "?"]
[White "JHoNRo76"]
[Black "Zamaliev97"]
[Result "0-1"]
[WhiteElo "2381"]
[BlackElo "2464"]
[PlyCount "108"]
[EventDate "2021.??.??"]
[EventType "blitz"]

1. e4 e5 2. Nf3 d5 3. exd5 e4 4. Qe2 Nf6 5. d3 Qxd5 6. dxe4 Qxe4 7. Nc3 Qxe2+
8. Bxe2 Bf5 9. Nd4 Bg6 10. Bg5 Be7 11. O-O-O O-O 12. Ndb5 Na6 13. Bf3 c6 14.
Nd6 Bxd6 15. Rxd6 Rad8 16. Rhd1 Rxd6 17. Rxd6 Ne8 18. Rd7 Nc5 19. Rd1 f6 20.
Be3 Ne6 21. Bxa7 N8c7 22. Rd7 Ra8 23. Bb6 Be8 24. Rxc7 Nxc7 25. Bxc7 Bf7 26. a3
Kf8 27. Bb6 Ke7 28. Bc5+ Kd7 29. Ne4 Bd5 30. Be3 Kc7 31. Nd2 Bxf3 32. Nxf3 Re8
33. c4 Re4 34. b3 g5 35. Nd2 Re8 36. Kc2 h6 37. g3 f5 38. Kc3 Ra8 39. a4 Re8
40. c5 Re5 41. Nc4 Re4 42. Nd6 Re5 43. Bd4 Rd5 44. Kc4 f4 45. Nf7 fxg3 46. hxg3
h5 47. Ne5 g4 48. Nd3 Rf5 49. Nf4 h4 50. b4 h3 51. Ne6+ Kd7 52. f3 Kxe6 53.
fxg4 Rf1 54. g5 h2 {Normal} 0-1

[Event "Rated Blitz game"]
[Site "?"]
[Date "2021.03.09"]
[Round "?"]
[White "connorjohn"]
[Black "Roberto_Baggio1978"]
[Result "0-1"]
[WhiteElo "2328"]
[BlackElo "2492"]
[PlyCount "100"]
[EventDate "2021.??.??"]
[EventType "blitz"]

1. e4 e5 2. Nf3 d5 3. Nc3 d4 4. Ne2 Nc6 5. Ng3 h5 6. d3 h4 7. Ne2 h3 8. Ng3 Nf6
9. Bg5 Be7 10. Nf5 Bxf5 11. exf5 Qd5 12. Qe2 O-O-O 13. Bxf6 gxf6 14. Qe4 Bb4+
15. Ke2 Qc5 16. Rc1 Ne7 17. g4 Nd5 18. a3 Bxa3 19. bxa3 Nc3+ 20. Kd2 Nxe4+ 21.
dxe4 Qxa3 22. Bd3 c5 23. Ra1 Qc3+ 24. Ke2 c4 25. Rxa7 cxd3+ 26. cxd3 Qb2+ 27.
Nd2 Kd7 28. Rb1 Qxb1 29. Nxb1 Kc6 30. Na3 Ra8 31. Rxa8 Rxa8 32. Nc2 Kc5 33. Kf3
b5 34. Kg3 b4 35. Nxb4 Kxb4 36. Kxh3 Kc3 37. Kg3 Kxd3 38. h4 Kxe4 39. g5 Kxf5
40. gxf6 Kxf6 41. Kf3 Kf5 42. h5 e4+ 43. Kg3 d3 44. f3 d2 45. fxe4+ Kxe4 46. h6
d1=Q 47. h7 Rh8 48. Kh4 Rxh7+ 49. Kg5 Qd8+ 50. Kg4 Qg8# {Normal} 0-1

[Event "Rated Blitz game"]
[Site "?"]
[Date "2021.03.09"]
[Round "?"]
[White "Imperatorce"]
[Black "KinzyabulatovRenat"]
[Result "0-1"]
[WhiteElo "2431"]
[BlackElo "2300"]
[PlyCount "29"]
[EventDate "2021.??.??"]
[EventType "blitz"]

1. e4 e5 2. Nf3 d5 3. exd5 e4 4. Qe2 Nf6 5. d3 Qxd5 6. Nc3 Bb4 7. Bd2 Bxc3 8.
Bxc3 O-O 9. Nd2 exd3 10. Qxd3 Re8+ 11. Kd1 Bg4+ 12. f3 Qe6 13. Be2 Bf5 14. Qc4
Nd5 15. Kc1 {Normal} 0-1

[Event "Rated Blitz game"]
[Site "?"]
[Date "2021.03.09"]
[Round "?"]
[White "danikoshvili"]
[Black "annaly1979"]
[Result "1-0"]
[WhiteElo "2453"]
[BlackElo "2373"]
[PlyCount "77"]
[EventDate "2021.??.??"]
[EventType "blitz"]

1. e4 e5 2. Nf3 d5 3. exd5 e4 4. Ne5 Bd6 5. d4 Nf6 6. Nc3 h6 7. Bb5+ Nbd7 8.
O-O O-O 9. f4 exf3 10. Nxf3 a6 11. Bd3 Re8 12. Nh4 Nf8 13. Nf5 Bxf5 14. Rxf5
Ng6 15. Qf1 Nh4 16. Rxf6 Qxf6 17. Qxf6 gxf6 18. Bxh6 Ng6 19. Rf1 Be7 20. g3 Kh7
21. Bd2 Kg7 22. h4 Bd6 23. Kg2 b5 24. Ne4 Be7 25. h5 Nf8 26. g4 Nd7 27. Ng3 Bd6
28. Nf5+ Kh8 29. b3 Rg8 30. Kf3 b4 31. Nxd6 cxd6 32. Bxb4 Nb6 33. c4 Rad8 34.
Kg3 Nc8 35. Rxf6 Kg7 36. g5 Rge8 37. h6+ Kh8 38. Kf4 Re1 39. Bxe1 {Normal} 1-0